000 00942nam a2200229 a 4500
001 000047503
003 OSt
005 20201006150340.0
008 180612s1925 dr 000 0 spa d
040 _aDO-SdBNP
_bspa
_cBNPHU
082 4 _a731.76
_bF237m
245 0 0 _aFaro Monumental de Colón :
_bprimer homenaje universal al descubridor de América.
246 3 _aPrimer homenaje universal a Cristóbal Colón
260 _aSanto Domingo :
_bJunta Nacional Colombina,
_c1925.
300 _a[16] p. ; :
_bils. ;
_c22 cm.
500 _aProyecto patrocinado por el gobierno de la República Dominicana y recomendado por la 5a. Conferencia Internacional Panamericana
590 _aInventariado, 2019/VM
600 1 4 _aColón, Cristóbal,
_xMonumentos
_zRepública Dominicana
_976769
711 2 _aInternational American Conference
_d(5 : 1923 :
_cSantiago de Chile)
_976770
910 _aValidado, Control de calidad, MFF
942 _2ddc
_cLF1
999 _c46991
_d46991